| 000 | 00390nam a2200157Ia 4500 | ||
|---|---|---|---|
| 008 | 151213s9999 xx 000 0 und d | ||
| 100 | _aMd. Abdul Halim | ||
| 245 |
_aThe Legal System Of Bangladesh _cMd. Abdul Halim |
||
| 250 | _a1st | ||
| 260 |
_aDhaka _bLegal Instituttions _c2004 |
||
| 300 | _a3633 p. | ||
| 650 | _aLaw | ||
| 650 | _aLaw | ||
| 700 | _aMd. Abdul Halim | ||
| 999 |
_c2422 _d2422 |
||